Survival Of The Fittest - Statistics

General Stats
  • This quiz has been taken 20 times
  • The average score is 6 of 10
Answer Stats
Hint Answer % Correct
#5 Tiger
89%
#7 Lion
83%
#1 African Bush Elephant
78%
#2 Gorilla
67%
#3 White Rhino
67%
#6 Grizzly Bear
61%
#8 Polar Bear
56%
#9 Leopard
50%
#10 Harpy Eagle
6%
#4 Musk Ox
0%
No matching quizzes found
Score Distribution
Percent of People with Each Score
Percentile by Number Answered
Your Score History
You have not taken this quiz